<?xml version="1.0" encoding="UTF-8"?>
<collection xmlns="http://www.loc.gov/MARC21/slim">
<record>
  <controlfield tag="001">4096</controlfield>
  <controlfield tag="005">20190204144520.0</controlfield>
  <datafield tag="037" ind1=" " ind2=" ">
    <subfield code="a">SEMIN-2019-0014</subfield>
  </datafield>
  <datafield tag="100" ind1=" " ind2=" ">
    <subfield code="a">De Cat, P.</subfield>
  </datafield>
  <datafield tag="245" ind1=" " ind2=" ">
    <subfield code="a">The LAMOST-Kepler project: past, present, and future</subfield>
  </datafield>
  <datafield tag="260" ind1=" " ind2=" ">
    <subfield code="c">2018</subfield>
  </datafield>
  <datafield tag="269" ind1=" " ind2=" ">
    <subfield code="c">2018-12-10</subfield>
  </datafield>
  <datafield tag="520" ind1=" " ind2=" ">
    <subfield code="a">The Large Sky Area Multi-Object Fibre Spectroscopic Telescope (LAMOST) is a unique instrument located at the Xinglong observatory (China) that combines a large aperture (4-m telescope) with a wide field of view (circular region with a diameter of 5 degrees on the sky) that is covered with 4000 optical fibers. It is the ideal tool to obtain low/medium-resolution spectra (R~1800/7500) for a large number of objects in an efficient way. The LAMOST-Kepler project was initiated in 2009 with the main aim to gather LAMOST spectra for as many objects as possible in the field-of-view of the Kepler space mission to allow a homogeneous spectroscopic determination of the basic stellar parameters of the observed stars. In this review talk, the past, present and future activities within the LAMOST-Kepler consortium will be discussed in which the importance of the LAMOST-Kepler observations will be highlighted. What could be the role of LAMOST for the current and future space missions?</subfield>
  </datafield>
  <datafield tag="536" ind1=" " ind2=" ">
    <subfield code="a">BL/</subfield>
    <subfield code="c">33/</subfield>
    <subfield code="f">FWI20</subfield>
  </datafield>
  <datafield tag="594" ind1=" " ind2=" ">
    <subfield code="a">NO</subfield>
  </datafield>
  <datafield tag="700" ind1=" " ind2=" ">
    <subfield code="a">LAMOST-Kepler, consortium</subfield>
  </datafield>
  <datafield tag="773" ind1=" " ind2=" ">
    <subfield code="t">National Astronomical Observatories of China (NAOC), Beijing, China</subfield>
  </datafield>
  <datafield tag="856" ind1="0" ind2=" ">
    <subfield code="f">peter.decat@observatoire.be</subfield>
  </datafield>
  <datafield tag="856" ind1="4" ind2=" ">
    <subfield code="s">26533520</subfield>
    <subfield code="u">http://publi2-as.oma.be/record/4096/files/Seminar_PeterDeCat_2018_Beijing.pdf</subfield>
  </datafield>
  <datafield tag="856" ind1="4" ind2=" ">
    <subfield code="s">10523</subfield>
    <subfield code="u">http://publi2-as.oma.be/record/4096/files/Seminar_PeterDeCat_2018_Beijing.gif?subformat=icon</subfield>
    <subfield code="x">icon</subfield>
  </datafield>
  <datafield tag="856" ind1="4" ind2=" ">
    <subfield code="s">12368</subfield>
    <subfield code="u">http://publi2-as.oma.be/record/4096/files/Seminar_PeterDeCat_2018_Beijing.jpg?subformat=icon-180</subfield>
    <subfield code="x">icon-180</subfield>
  </datafield>
  <datafield tag="980" ind1=" " ind2=" ">
    <subfield code="a">SEMIN</subfield>
  </datafield>
</record>
</collection>